| 000 | 01313cam a22003254a 4500 | ||
|---|---|---|---|
| 999 |
_c8461 _d8461 |
||
| 001 | 8461 | ||
| 003 | BD-JhCC | ||
| 005 | 20190301134006.0 | ||
| 008 | 060525s2006 nyua b 001 0 eng | ||
| 020 | _a0743274970 | ||
| 035 | _a(BD-JhCC)8461 | ||
| 040 |
_aDLC _cDLC _dDLC _dBD-JhCC |
||
| 041 | _aeng | ||
| 050 | 0 | 0 |
_aBL53 _b.N49 2006 |
| 082 | 0 | 0 |
_a153.4 _222 _bNEW 2006 |
| 100 | 1 |
_aNewberg, Andrew B., _d1966- |
|
| 245 | 1 | 0 |
_aWhy we believe what we believe : _buncovering our biological need for meaning, spirituality, and truth / _cAndrew Newberg, Mark Robert Waldman. |
| 260 |
_aNew York : _bFree Press, _cc2006. |
||
| 300 |
_avii, 321 p. : _bill. ; _c24 cm. |
||
| 504 | _aIncludes bibliographical references (p.281-307) and index. | ||
| 650 | 0 | _aPsychology, Religious. | |
| 650 | 0 |
_aBrain _xReligious aspects. |
|
| 700 | 1 | _aWaldman, Mark Robert. | |
| 856 | 4 | 2 |
_3Publisher description _uhttp://www.loc.gov/catdir/enhancements/fy0661/2006048274-d.html |
| 856 | 4 | 1 |
_3Sample text _uhttp://www.loc.gov/catdir/enhancements/fy0666/2006048274-s.html |
| 856 | 4 | 1 |
_3Table of contents only _uhttp://www.loc.gov/catdir/enhancements/fy0666/2006048274-t.html |
| 856 | 4 | 2 |
_3Contributor biographical information _uhttp://www.loc.gov/catdir/enhancements/fy0902/2006048274-b.html |
| 942 |
_2ddc _cBK _02 |
||